| 000 | 01096nji a22002657a 4500 | ||
|---|---|---|---|
| 005 | 20100915121348.0 | ||
| 006 | a|||||r|||||00| 0 | ||
| 007 | sd ammalaaahaa | ||
| 008 | 100830t xxu||||| |||| 00| 0 eng d | ||
| 028 |
_aEALP.1295 _bEMI |
||
| 035 | _aGR-02689 | ||
| 040 |
_aSED _cSED |
||
| 100 |
_917455 _aPaluskar, D. V. |
||
| 245 |
_aAre man ram nam- lalat bilampat / _cby D. V. Paluskar _h[sound recording] : |
||
| 246 | _aअरे मन राम नाम- ललत बिलाम्पत / डी. वी. पलुस्कर द्वारा | ||
| 260 |
_aDum Dum, India _bEMI _c1965 |
||
| 300 |
_a1 sound disc [Gramophone Recording]: _banalog, 33 1/3 rpm _c12.5 in. (LP) _fGramophone Record |
||
| 500 | _aBrief Record | ||
| 500 | _aRecord labels : EMI, Red | ||
| 505 | _aSide-2 सुरजा रही हो - हमीर (Surja rahi ho- Hameer) (D. V. Paluskar) | ||
| 600 |
_aPaluskar, D. V. _919590 |
||
| 650 |
_aClassical Music _zIndia _91186 _xExcerpts |
||
| 942 |
_2ddc _cGR |
||
| 999 |
_c45903 _d45903 |
||